| 000 | 00329nam a2200121Ia 4500 | ||
|---|---|---|---|
| 008 | 190902s9999||||xx |||||||||||||| ||und|| | ||
| 020 | _a0-340-32160-1 | ||
| 100 | _aLansbury,Russell D. | ||
| 245 | 0 | _aChanging Employment Relations in Australia | |
| 260 |
_aNew york _bOxford University press _c1999 |
||
| 300 | _a254p.: | ||
| 942 | _cBK | ||
| 999 |
_c2953 _d2953 |
||